Statistics for Airlines Serving the Airports of Bangladesh

Click here to take the quiz!

General Stats

  • This quiz has been taken 58 times
  • The average score is 18 of 30

Answer Stats

AirportsAirlines% Correct
DACEmirates
95%
DACQatar Airways
92%
DACThai Airways
92%
BZL | CGP | CXB | DAC | JSR | RJH | SPD | ZYLBiman Bangladesh Airlines
89%
DACSingapore Airlines
89%
DACAir India
86%
DACMalaysia Airlines
84%
DACIndiGo
70%
DACTurkish Airlines
70%
DACSpiceJet
65%
DACAirAsia
62%
DACSriLankan Airlines
62%
BZL | CGP | CXB | DAC | JSR | RJH | SPD | ZYLUS-Bangla Airlines
62%
DACChina Southern Airlines
59%
DACKuwait Airways
59%
DACSaudia
59%
CGP | DACAir Arabia
57%
DACAir Arabia Abu Dhabi
57%
DACCathay Dragon
57%
DACChina Eastern Airlines
57%
DACGulf Air
57%
CGPflydubai
49%
DACDruk Air
46%
DACMalindo Air
46%
DACThai Lion Air
41%
DACHimalaya Airlines
35%
BZL | CGP | CXB | DAC | JSR | RJH | SPD | ZYLNovoair
35%
DACMaldivian
27%
CGP | CXB | DACRegent Airways
27%
CGP | DACSalamAir
24%

Score Distribution

Percentile by Number Answered

Percent of People with Each Score

Your Score History

You have not taken this quiz